[Event "World School-ch U13"]
[Site "Sochi"]
[Date "2016.12.09"]
[Round "7"]
[White "Liyanarachchi, Sanosh Shamal"]
[Black "Smelykh, Edvin"]
[Result "1/2-1/2"]
[WhiteElo "1563"]
[BlackElo "1505"]
[PlyCount "80"]
[EventDate "2016.12.03"]
[EventType "swiss"]
[EventRounds "9"]
[EventCountry "RUS"]
[SourceTitle "EXT 2018"]
[Source "ChessBase"]
[SourceDate "2017.10.13"]
[SourceVersion "1"]
[SourceVersionDate "2017.10.13"]
[SourceQuality "1"]

1. Nf3 Nf6 2. d4 d5 3. e3 Bg4 4. c4 e6 5. Nc3 c6 6. a3 Nbd7 7. Be2 Bd6 8. 0-0 0-0 9. h3 Bh5 10. c5 Bb8 11. Nd2 Qc7 12. f4 Bxe2 13. Qxe2 Rc8 14. b4 Nf8 15. Bb2 Ng6 16. Nf3 Ne7 17. g4 h5 18. Ne5 Qd8 19. g5 Bxe5 20. fxe5 Nh7 21. h4 g6 22. Qf2 Nf5 23. Rae1 Qe7 24. e4 Ng7 25. Re3 Rf8 26. Rf3 Rab8 27. Qe2 Rbc8 28. a4 Rb8 29. Qf2 Rbc8 30. Ba3 Rcd8 31. Bb2 Rc8 32. Kh2 Rcd8 33. Kh3 Rc8 34. Qe2 Rcd8 35. Qf2 Rc8 36. Qe2 Rcd8 37. Qf2 Rc8 38. Nb1 Rcd8 39. Nc3 Rc8 40. Qe2 Rcd8 1/2-1/2

[Event "EU-ch U12 26th"]
[Site "Prague"]
[Date "2016.08.22"]
[Round "5"]
[White "Smelykh, Edvin"]
[Black "Schernthaner, David"]
[Result "0-1"]
[WhiteElo "1709"]
[BlackElo "1844"]
[PlyCount "76"]
[EventDate "2016.08.18"]
[EventType "swiss"]
[EventRounds "9"]
[EventCountry "CZE"]
[SourceTitle "CBM 174 Extra"]
[Source "ChessBase"]
[SourceDate "2016.10.10"]
[SourceVersion "1"]
[SourceVersionDate "2016.10.10"]
[SourceQuality "1"]

1. e4 c5 2. Nf3 d6 3. d4 Nf6 4. Nc3 cxd4 5. Nxd4 Nc6 6. Bg5 e6 7. Qd2 a6 8. 0-0-0 h6 9. Nxc6 bxc6 10. Bf4 d5 11. Qe3 Qa5 12. a3 Bc5 13. Qf3 0-0 14. e5 Nh7 15. Rd3 f5 16. g4 Be7 17. h4 fxg4 18. Qxg4 h5 19. Qg3 Rf7 20. Be2 Rf5 21. Rg1 Bf8 22. Rdd1 Rb8 23. Nb1 Qb6 24. b3 c5 25. Bd3 c4 26. Bxf5 exf5 27. e6 Rb7 28. Rde1 Bxe6 29. Be3 d4 30. Bxd4 Qxd4 31. Rxe6 cxb3 32. c3 b2+ 33. Kc2 Qa4+ 34. Kd3 Qd7+ 35. Kc2 Qxe6 36. Nd2 Qe2 37. Rb1 Nf6 38. f3 Nd5 0-1

[Event "EU-ch U12 26th"]
[Site "Prague"]
[Date "2016.08.18"]
[Round "1"]
[White "Smelykh, Edvin"]
[Black "Czopor, Maciej"]
[Result "0-1"]
[WhiteElo "1709"]
[BlackElo "2025"]
[PlyCount "58"]
[EventDate "2016.08.18"]
[EventType "swiss"]
[EventRounds "9"]
[EventCountry "CZE"]
[SourceTitle "CBM 174 Extra"]
[Source "ChessBase"]
[SourceDate "2016.10.10"]
[SourceVersion "1"]
[SourceVersionDate "2016.10.10"]
[SourceQuality "1"]

1. e4 c5 2. Nf3 e6 3. d4 cxd4 4. Nxd4 Nf6 5. Nc3 d6 6. Bg5 Be7 7. Bxf6 Bxf6 8. Ndb5 Be7 9. Qd4 0-0 10. Rd1 Nc6 11. Qd2 Qa5 12. a3 a6 13. b4 Qd8 14. Nxd6 Qc7 15. Nxc8 Raxc8 16. Na2 Rfd8 17. Bd3 Nd4 18. 0-0 Nxc2 19. Rc1 Qd6 20. Rxc2 Rxc2 21. Qxc2 Qxd3 22. Qxd3 Rxd3 23. Rc1 Rxa3 24. Rc8+ Bf8 25. Nc1 g6 26. g3 Kg7 27. b5 axb5 28. Kg2 b4 29. Rc2 Rc3 0-1

[Event "Gelendzhik op 11th"]
[Site "Gelendzhik"]
[Date "2015.01.11"]
[Round "8"]
[White "Smelykh, Edvin"]
[Black "Grunin, Denis"]
[Result "1-0"]
[WhiteElo "1489"]
[BlackElo "1622"]
[PlyCount "89"]
[EventDate "2015.01.04"]
[EventType "swiss"]
[EventRounds "9"]
[EventCountry "RUS"]
[SourceTitle "EXT 2017"]
[Source "ChessBase"]
[SourceDate "2016.10.25"]
[SourceVersion "1"]
[SourceVersionDate "2016.10.25"]
[SourceQuality "1"]

1. e4 c5 2. Nf3 g6 3. d4 cxd4 4. Qxd4 Nf6 5. Bf4 Nc6 6. Qe3 Bg7 7. Nc3 0-0 8. Bc4 d6 9. 0-0-0 a6 10. h3 b5 11. Bd5 Nxd5 12. exd5 Na5 13. Rhe1 Re8 14. Nd2 Bd7 15. Bg5 Qc7 16. Nde4 Rec8 17. Bxe7 b4 18. Bxd6 Qc4 19. b3 Bxc3 20. bxc4 Nxc4 21. Qe2 Na3 22. Nxc3 Rxc3 23. Bxb4 Rxc2+ 24. Qxc2 Nxc2 25. Kxc2 Ba4+ 26. Kd3 Bxd1 27. Rxd1 Rd8 28. Kd4 f5 29. Be7 Rd7 30. d6 Kf7 31. Kc5 Ke6 32. Kc6 Ra7 33. d7 Kxe7 34. d8Q+ Ke6 35. Re1+ Kf7 36. Qe8+ Kf6 37. h4 f4 38. Re6+ Kf5 39. Re7 Rxe7 40. Qxe7 h6 41. Kd5 Kg4 42. Ke4 g5 43. hxg5 hxg5 44. Qh7 a5 45. Qh3# 1-0

[Event "Gelendzhik op 11th"]
[Site "Gelendzhik"]
[Date "2015.01.07"]
[Round "4"]
[White "Peregudov, Mikhail"]
[Black "Smelykh, Edvin"]
[Result "1-0"]
[WhiteElo "1844"]
[BlackElo "1489"]
[PlyCount "73"]
[EventDate "2015.01.04"]
[EventType "swiss"]
[EventRounds "9"]
[EventCountry "RUS"]
[SourceTitle "EXT 2017"]
[Source "ChessBase"]
[SourceDate "2016.10.25"]
[SourceVersion "1"]
[SourceVersionDate "2016.10.25"]
[SourceQuality "1"]

1. c4 c5 2. g3 Nc6 3. Bg2 g6 4. Nf3 Bg7 5. Nc3 Nf6 6. 0-0 d6 7. a3 0-0 8. Rb1 Bf5 9. d3 Nd7 10. Nd5 Nde5 11. Nxe5 Bxe5 12. b4 Rb8 13. b5 Na5 14. Bg5 Re8 15. f4 Bd4+ 16. e3 Bg7 17. e4 Bd4+ 18. Kh1 Bd7 19. f5 Bg7 20. f6 exf6 21. Nxf6+ Kh8 22. Qd2 Re5 23. h4 b6 24. Nxh7 Qc8 25. Nf6 Bh3 26. Rf2 Bxg2+ 27. Kxg2 Re6 28. Nd5 Rb7 29. Bf6 Qf8 30. Qg5 Bxf6 31. Nxf6 Re5 32. Qg4 Re6 33. h5 Qg7 34. hxg6 Rxf6 35. Rh1+ Kg8 36. Qc8+ Qf8 37. Rh8+ 1-0